Una experiencia del movimiento campesino del sector Guaymas, El Negrito, Yoro /

Guardado en:
Bibliografiske detaljer
Hovedforfatter: Palacios, Héctor
Andre forfattere: Flores Aguilar, Leyda Hernández Ardón, Carmen Flores Retes, Julia
Format: Texto
Udgivet: Tegucigalpa: UNAH
Tags: Tilføj Tag
Ingen Tags, Vær først til at tagge denne postø!

MARC

LEADER 00000 a a2200000 04500
001 21066
003
040
090 |a 091000  
100 |a Palacios, Héctor  
245 |a Una experiencia del movimiento campesino del sector Guaymas, El Negrito, Yoro /  |c Héctor Palacios 
260 |a Tegucigalpa:   |b UNAH  
300 |a 20 p.  
700 |a Flores Aguilar, Leyda   |a Hernández Ardón, Carmen   |a Flores Retes, Julia  
999 |c 9853  |d 9853